Marketing research : an international approach / (Record no. 8412)

MARC details
000 -LEADER
fixed length control field 01032nac a22002531u 4500
010 ## - LIBRARY OF CONGRESS CONTROL NUMBER
LC control number 2005058927
020 ## - INTERNATIONAL STANDARD BOOK NUMBER
International Standard Book Number 0273646354 (alk. paper)
020 ## - INTERNATIONAL STANDARD BOOK NUMBER
International Standard Book Number 9780273646358
035 ## - SYSTEM CONTROL NUMBER
System control number (OCoLC)ocm62741583
082 00 - DEWEY DECIMAL CLASSIFICATION NUMBER
Classification number 658.84
Item number SCH
090 ## - LOCALLY ASSIGNED LC-TYPE CALL NUMBER (OCLC); LOCAL CALL NUMBER (OCLC)
-- 8412
-- 8412
100 ## - MAIN ENTRY--PERSONAL NAME
Personal name Schmidt, Marcus,
245 10 - TITLE STATEMENT
Title Marketing research : an international approach /
Remainder of title an international approach /
Statement of responsibility, etc Marcus J. Schmidt, Svend Hollensen.
260 ## - PUBLICATION, DISTRIBUTION, ETC. (IMPRINT)
Place of publication, distribution, etc Harlow, England ;
-- New York :
Name of publisher, distributor, etc Prentice Hall/Financial Times,2006
Date of publication, distribution, etc c2006.
300 ## - PHYSICAL DESCRIPTION
Extent xiv, 613 p. :
Other physical details ill. ;
Dimensions 25 cm.
500 ## - GENERAL NOTE
General note Distributer: Al-Ahram
504 ## - BIBLIOGRAPHY, ETC. NOTE
Bibliography, etc Includes bibliographical references and index.
511 ## - PARTICIPANT OR PERFORMER NOTE
Participant or performer note Catalogued by: Sara
650 #0 - SUBJECT ADDED ENTRY--TOPICAL TERM
Topical term or geographic name as entry element Marketing research
General subdivision Methodology.
650 #0 - SUBJECT ADDED ENTRY--TOPICAL TERM
Topical term or geographic name as entry element Export marketing
General subdivision Research
-- Methodology.
700 1# - ADDED ENTRY--PERSONAL NAME
Personal name Hollensen, Svend.
942 ## - ADDED ENTRY ELEMENTS (KOHA)
Item type Book - Borrowing
Call number prefix 658.84SCH
Holdings
Withdrawn status Item status Source of classification or shelving scheme Damaged status Not for loan Vendor Home library Current library Shelving location Date acquired Source of acquisition Total Checkouts Total Renewals Full call number Barcode Date last seen Date last borrowed Koha item type
    Dewey Decimal Classification       Central Library Central Library First floor 06/03/2008   3 2 658.84SCH 000010209 15/07/2025 08/04/2013 Book - Borrowing